| 000 | 00995nam a22002895a 4500 | ||
|---|---|---|---|
| 003 | EG-ScBUE | ||
| 005 | 20221115043618.0 | ||
| 008 | 180522s2001 ua af f b 001 0 eng d | ||
| 020 | _a9773052877 | ||
| 040 |
_aEG-ScBUE _beng _erda _cEG-ScBUE _dEG-ScBUE |
||
| 043 | _af-ua--- | ||
| 082 | 0 | 4 |
_a722.2 _bSHI _222 |
| 100 | 1 |
_aShiha, Mostafa, _eauthor. |
|
| 245 | 1 | 0 |
_aIslamic architecture in Egypt / _cby Mostafa Shiha. |
| 250 | _aFirst English edition. | ||
| 264 | 1 |
_aGiza, Egypt : _bMinistry of Culture, Foreign Cultural Information, _c2001. |
|
| 300 |
_a164 pages, [53] pages of plates : _bcolor illustrations ; _c24 cm. |
||
| 490 | 0 |
_aPrism Archaeological series ; _v5 |
|
| 504 | _aIncludes bibliographical references and index. | ||
| 650 | 7 |
_aIslamic architecture _zEgypt. _2BUEsh |
|
| 650 | 7 |
_aArchitecture, Ancient _zEgypt. _2BUEsh |
|
| 651 | _2BUEsh | ||
| 653 |
_bGGEN _cMay2018 |
||
| 655 | _vReading book | ||
| 942 |
_2ddc _cBB |
||
| 999 |
_c26764 _d26736 |
||